| 000 | 00606nam a22002417a 4500 | ||
|---|---|---|---|
| 003 | 0 | ||
| 005 | 20180712163428.0 | ||
| 008 | 0 | ||
| 010 | _aA-997914 | ||
| 020 |
_c80.00 _a817626055 |
||
| 035 | _aA-997914, A-997917 | ||
| 037 | _bCen Lib/Ret | ||
| 040 |
_aDPL _bEN _c0 |
||
| 082 |
_aN _bGOR |
||
| 100 |
_aGorky, Maxim _923144 |
||
| 245 |
_aMother / _cby Maxim Gorky |
||
| 260 |
_aCalcutta _bNational book agency _c1999 |
||
| 270 |
_bCalcutta _a12 Bankim chaerjee street |
||
| 300 |
_a384p. _c19cm(Hb) |
||
| 650 |
_a Lliterature _929042 |
||
| 650 |
_aFiction _98901 |
||
| 942 |
_2ddc _cEN _hN _mGOR |
||
| 999 |
_c130375 _d130375 |
||